| 000 | 00548nam a2200133Ia 4500 | ||
|---|---|---|---|
| 008 | 160809s9999 xx 000 0 und d | ||
| 100 | _aHernandez, Jorge F. | ||
| 245 | _aInfrastructure Consolidation for Interconnected Services in a Smart City Using Cloud Environment Full Text | ||
| 245 | _cJorge F Hernandez, Victor M Larios, Manuel Avalos and Ignacio Silva-Lepe, CUCEA, Mexico. | ||
| 260 | _bComputer Science and Information Technology | ||
| 260 | _cJanuary 2016 | ||
| 650 | _xINFORMATION TECHNOLOGY | ||
| 856 | _uhttp://airccse.org/V6N48.html | ||
| 999 |
_c300035 _d300035 |
||